Statistics for Countries Least Similar To Iran

Click here to take the quiz!

General Stats

  • This quiz has been taken 29 times
  • The average score is 5 of 21

Answer Stats

RankCountryScore% Correct
13United States46.5
86%
7Canada45.5
76%
5Japan45.3
62%
5Iceland45.3
55%
10Finland46.4
41%
1New Zealand44.0
34%
3Papua New Guinea44.7
24%
20Netherlands47.5
21%
13Singapore46.5
21%
10Haiti46.4
14%
7Solomon Islands45.5
14%
2Bahamas44.2
10%
13Burundi46.5
10%
20Uganda47.5
10%
7Lesotho45.5
7%
17Liberia47.0
7%
17Samoa47.0
7%
4Malawi44.9
3%
19Mozambique47.3
3%
10Madagascar46.4
0%
16Trinidad and Tobago46.9
0%

Score Distribution

Percentile by Number Answered

Percent of People with Each Score

Your Score History

You have not taken this quiz